Arsenic Removal from Water and Its Impact on Selected Species of Organisms

Gespeichert in:
Bibliographische Detailangaben
1. Verfasser: Zakhar, Ronald (Verfasst von)
Weitere Verfasser: Derco, Ján (Betreuung Doktorarbeit)
Format: Manuskript Buch
Sprache:Slowakisch
Englisch
Veröffentlicht: 2020
Schlagworte:
Online-Zugang:http://is.stuba.sk/zp/portal_zp.pl?podrobnosti=145789
Tags: Tag hinzufügen
Keine Tags, Fügen Sie das erste Tag hinzu!

MARC

LEADER 00000ntm a22000003a 4500
001 stuzp66215
003 SK-STU
005 20200829210438.0
007 ta
008 150427s2015----xo-----f-mn---000-0-slo-d
040 |a STU  |b slo 
041 0 |a eng 
100 1 |a Zakhar, Ronald  |u 046290  |k Z1  |4 aut  |U FCHPT Ústav chemického a environmentálneho inžinierstva  |T FCHPT Oddelenie environmentálneho inžinierstva  |X 69351  |U C6290  |Y 120  |7 A0000069351 
242 0 1 |a Odstraňovanie arzénu z vôd a jeho vplyv na vybrané druhy organizmov  |y slo 
245 1 0 |a Arsenic Removal from Water and Its Impact on Selected Species of Organisms 
260 |c 2020 
650 4 |a arzén  |2 slo 
650 4 |a adsorpcia  |2 slo 
650 4 |a ekotoxicita  |2 slo 
650 4 |a fluidizácia  |2 slo 
650 4 |a pitná voda  |2 slo 
650 4 |a modifikácia železom  |2 slo 
650 4 |a ecotoxicity  |2 eng 
650 4 |a fluidization  |2 eng 
650 4 |a iron modification  |2 eng 
650 4 |a drinking water  |2 eng 
650 4 |a arsenic  |2 eng 
650 4 |a adsorption  |2 eng 
700 1 |a Derco, Ján  |u 046290  |k Z1  |4 ths  |U FCHPT Ústav chemického a environmentálneho inžinierstva  |T FCHPT Oddelenie environmentálneho inžinierstva  |X 3304  |U C6290  |Y 120  |7 A000003304 
856 4 |u http://is.stuba.sk/zp/portal_zp.pl?podrobnosti=145789